Medaliści Mistrzostw Świata w Lotach Narciarskich 2022 - Statystyki

Ogólne statystyki
  • Ten quiz został rozwiązany 37 razy
  • Średni wynik to 13 z 15
Statystyki odpowiedzi
Konkurs Miejsce Reprezentancja Zawodnik % Poprawnych
Drużynowy 1. Słowenia Domen Prevc
100%
1. Peter Prevc
100%
2. Słowenia Timi Zajc
100%
1. Timi Zajc
100%
2. Karl Geiger
93%
Indywidualny 1. Norwegia Marius Lindvik
93%
3. Marius Lindvik
93%
3. Austria Stefan Kraft
93%
2. Andreas Wellinger
90%
1. Anže Lanišek
90%
3. Norwegia Johann André Forfang
86%
3. Halvor Egner Granerud
72%
2. Markus Eisenbichler
72%
3. Daniel-André Tande
66%
2. Niemcy Severin Freund
31%
Nie znaleziono quizów pasujących do podanych kryteriów
Rozkład punktacji
Procent ludzi z każdym wynikiem
Percentyl według liczby udzielonych odpowiedzi
Twoja historia wyników
Nie rozwiązałeś tego quizu